Statistics for Arkansas High School Football

Click here to take the quiz!

General Stats

  • This quiz has been taken 893 times
  • The average score is 79 of 208

Answer Stats

Answer% Correct
6A WestBenton
84%
7A WestBentonville
78%
5A CentralPulaski Academy
78%
7A CentralNorth Little Rock
76%
7A WestFayetteville
74%
7A CentralConway
73%
7A WestSpringdale
70%
7A CentralCabot
68%
7A WestRogers
68%
6A EastJonesboro
66%
7A CentralBryant
65%
5A SouthHot Springs
64%
7A CentralSouthside
63%
8-4AHelena-West Helena
60%
6A EastWest Memphis
60%
6A EastPine Bluff
59%
7A WestHar-Ber
58%
7A CentralNorthside
57%
7A WestBentonville West
56%
6A WestGreenwood
56%
6A EastJacksonville
56%
7A WestVan Buren
56%
6A WestEl Dorado
55%
6A EastMountain Home
55%
5A SouthTexarkana
55%
6A WestRussellville
54%
5A EastParagould
53%
6A WestSiloam Springs
53%
5A WestHarrison
52%
7A CentralLittle Rock Central
52%
6A EastSearcy
52%
7-4AArkadelphia
51%
5A EastBatesville
51%
6A EastMarion
51%
5A CentralLittle Rock Christian
50%
7A WestHeritage
49%
5A SouthHope
49%
7-4ANashville
49%
5A WestAlma
47%
5A EastBlytheville
46%
5A EastForrest City
46%
5A SouthMagnolia
46%
5A WestVilonia
46%
5A EastWynne
46%
5A CentralJA Fair
45%
6A WestLake Hamilton
45%
7-4AMalvern
45%
5A CentralMaumelle
45%
5A WestMorrilton
45%
8-4AMonticello
44%
6A WestSheridan
44%
5A EastValley View
44%
5A SouthHot Springs Lakeside
43%
7A CentralLittle Rock Catholic
43%
4-4AOzark
43%
1-4AShiloh Christian
43%
7-4AAshdown
42%
5A CentralBeebe
42%
5A WestGreenbrier
42%
2-4ALonoke
42%
7-4APulaski Robinson
42%
8-4AWarren
42%
5A CentralWhite Hall
42%
1-3ABooneville
41%
4-4ADardanelle
41%
5A SouthDe Queen
41%
5A WestFarmington
41%
4-4AMena
41%
2-3AMountain View
41%
1-3AParis
41%
2-4ABald Knob
40%
5A WestClarksville
40%
2-3AHarding Academy
40%
2-4AHeber Springs
40%
3-3ANewport
40%
1-4APea Ridge
40%
3-4APocahontas
40%
2-4AStuttgart
40%
1-4ABerryville
39%
2-4ACentral Arkansas Christian
39%
8-2AFordyce
39%
3-3AOsceola
39%
6A EastSylvan Hills
39%
7-4ABauxite
38%
6-2ADes Arc
38%
4-4ADover
38%
8-4ADumas
38%
5-2AEngland
38%
5A EastGreene County Tech
38%
5A EastNettleton
38%
4-3AAtkins
37%
1-3ACharleston
37%
2-3AClinton
37%
5-2AConway Christian
37%
1-4AGentry
37%
4-3AMayflower
37%
6-2ABrinkley
36%
6-2ACarlisle
36%
4-3ADanville
36%
4-4AElkins
36%
1-4AGravette
36%
4-4APottsville
36%
3-4ACave City
35%
3-3AHoxie
35%
6A WestLittle Rock Hall
35%
3-4ABrookland
34%
6-2AEarle
34%
1-3AGreenlan
34%
3-3AHarrisburg
34%
3-4AHighland
34%
1-4ALincoln
34%
5A CentralLittle Rock Parkview
34%
7-2AMount Ida
34%
1-4APrairie Grove
34%
5-3APrescott
34%
3-2ASalem
34%
8-4AStar City
34%
3-4ATrumann
34%
3-3AWalnut Ridge
34%
3-2AAugusta
33%
8-2ABearden
33%
8-4ADewitt
33%
7-2AGurdon
33%
8-4AHamburg
33%
5A WestHuntsville
33%
6-3ARison
33%
4-4AWaldron
33%
5A SouthCamden Fairview
32%
6-2AHazen
32%
4-3AJessieville
32%
3-2AMarked Tree
32%
2-3AMelbourne
32%
5A CentralWatson Chapel
32%
6-3ABarton
31%
6-2AClarendon
31%
7-4AFountain Lake
31%
4-3AGlen Rose
31%
1-4AGreen Forest
31%
4-2AHector
31%
8-2AJunction City
31%
1-3ALamar
31%
4-3APerryville
31%
2-4ARiverview
31%
1-3AWest Fork
31%
3-3ACorning
30%
8-4ACrossett
30%
5-2ACutter Morning Star
30%
6-3ADollarway
30%
3-2AEast Poinsett County
30%
6-3ALake Village
30%
2-4ALittle Rock Mills
30%
3-2AMcCrory
30%
6-3AMcGehee
30%
8-2AParkers Chapel
30%
3-3APiggot
30%
5-2AQuitman
30%
2-3ARose Bud
30%
5-3ACamden Harmony Grove
29%
3-2ACross County
29%
5A SouthLittle Rock McClellan
29%
2-3AMarshall
29%
5-3ASmackover
29%
8-2AStrong
29%
2-3AYellville-Summit
29%
4-3ABaptist Prep
28%
8-2AHampton
28%
7-2ALafayette County
28%
5-2AMagnet Cove
28%
5-2APoyen
28%
3-2ARector
28%
3-4ARivercrest
28%
4-4ASubiaco Academy
28%
2-3ACedar Ridge
27%
7-2AForeman
27%
3-4AGosnell
27%
4-2ALavaca
27%
7-2AMineral Springs
27%
3-4AWestside-Jonesboro
27%
1-3ACedarville
26%
7-2ADierks
26%
6-3ADrew Central
26%
5-3AGenoa Central
26%
3-3AManila
26%
6-2AMarvell
26%
3-2AMidland
26%
4-2AMountainburg
26%
5-2AMountain Pine
26%
7-2AMurfreesboro
26%
2-4ASouthside-Batesville
26%
5-2ABigelow
25%
5-3ACenterpoint
25%
8-2AHermitage
25%
5-3AHoratio
25%
5-3ABismarck
24%
4-2ADecatur
24%
5-3AFouke
24%
4-2AHackett
24%
7-4AHaskell Harmony Grove
24%
1-3AMansfield
24%
6-3APalestine-Wheatley
24%
4-3ATwo Rivers
23%
8-2AWoodlawn
22%
6-2ALee County
21%
4-2AWestern Yell County
21%
6-3AEpiscopal Collegiate
20%
7-2ASpring Hill
20%
4-2AWestside-Johnson County
19%
4-2AJ.D. Leftwich
18%

Score Distribution

Percentile by Number Answered

Percent of People with Each Score

Your Score History

You have not taken this quiz